El ingenio, historia su gente y sus leyendas / (Registro nro. 8342)
[ vista simple ]
| 000 -Cabecera (24) | |
|---|---|
| Campo de control interno | 00702nam a2200193Ia 4500 |
| 005 - Fecha y hora de la | |
| Campo de control | 20260615121704.0 |
| 008 - Códigos de longitud fija (40p) | |
| Campo de control de longitud fija | 210122b ###||||| |||| 00| 0 spa d |
| 040 ## - Origen de la Catalogacion | |
| Origen de la Catalogacion | BIBLIOTECA MUNICIPAL DE BARRANCO |
| Transcribing agency | BIBLIOTECA MUNICIPAL DE BARRANCO |
| 043 ## - Pais ISO | |
| País ISO | Pe. |
| 082 ## - Número de la Clasificación | |
| Numero de edición | 869.56 |
| Número de documento/Ítem | L73I 1996. |
| 100 ## - Autor Personal | |
| Autor Personal | Lizarbe Mansanilla Mauro Baltazar |
| 245 #0 - Titulo | |
| Titulo | El ingenio, historia su gente y sus leyendas / |
| Mencion del autor | Mauro Lizarbe Mansilla. |
| 260 ## - Pie de imprenta | |
| Ciudad | Nazca ; |
| Editorial | Municipalidad Distrital El Ingenio; |
| Año | 1996. |
| 300 ## - Descripcion | |
| Páginas | 232 p. |
| Dimensiones | 21 cm. |
| 650 #0 - Temas - Descriptores | |
| 9 (RLIN) | 9045 |
| Temas - Descriptores | Cuentos peruanos-Siglo XX. |
| 650 #0 - Temas - Descriptores | |
| 9 (RLIN) | 9046 |
| Temas - Descriptores | Cuentos peruanos-Nazca (Ica) |
| 942 ## - Datos personalizados Koha | |
| Tipo de Documento | Libros |
| Esquema de Clasificacion | Dewey Decimal Classification |
| Catalogador | AAOH |
| Fecha procesamiento | 2026-06-15 |
| Fuente de Clasificacion | Deterioro (estado) | Ubicacion permanente | Ubicacion actual | Fecha de Ingreso a la Biblioteca | Numero inventario | Prestamos | Signatura Topográfica | Código de barras | Ultima fecha de verificacion | Tipo de Item | Ubicación en edificio | Precio dolares |
|---|---|---|---|---|---|---|---|---|---|---|---|---|
| Dewey Decimal Classification | Biblioteca Municipal Manuel Beingolea | Biblioteca Municipal Manuel Beingolea | 06/15/2026 | 008310 | 869.56 L73I 1996 | 008310 | 09/09/2022 | Libros | Sala - Estantería abierta |





